书目信息 |
| 题名: |
思辨的愉悦
|
|
| 作者: | 盛宁, 著 | |
| 分册: | ||
| 出版信息: | 北京 东方出版社 2010.01 |
|
| 页数: | 335页 | |
| 开本: | 21cm | |
| 丛书名: | 互读文丛 | |
| 单 册: | ||
| 中图分类: | I106 | |
| 科图分类: | ||
| 主题词: | 文学评论--外国--文集 | |
| 电子资源: | ||
| ISBN: | 978-7-5060-3641-2 | |
| 000 | 00854nam 2200253 450 | |
| 001 | 012010610403 | |
| 005 | 20100524111437.60 | |
| 009 | 012004430794 | |
| 010 | @a978-7-5060-3641-2@dCNY27.00 | |
| 100 | @a20100515d2010 em y0chiy0110 ea | |
| 101 | 0 | @achi |
| 102 | @aCN@b110000 | |
| 105 | @ay z 000yy | |
| 200 | 1 | @a思辨的愉悦@Asi bian de yu yue@f盛宁著 |
| 210 | @a北京@c东方出版社@d2010.01 | |
| 215 | @a335页@d21cm | |
| 225 | 2 | @a互读文丛 |
| 330 | @a本书分名家名著解读、当代文论思考、文学散论、欧美文坛剪影四辑,收录了“关于伍尔夫的‘1910年12月’”、“全球化语境下的‘文化自觉’三议”、“纳博科夫如是说”、“贝克特之后的贝克特”、“哈代的三部新传记”等文章。 | |
| 410 | 0 | @12001 @a互读文丛 |
| 606 | 0 | @a文学评论@y外国@j文集 |
| 690 | @aI106@v4 | |
| 701 | 0 | @a盛宁,@Asheng ning,@f1945-@4著 |
| 801 | 0 | @aCN@c20100515 |
| 905 | @dI106@eS474-2@f3 | |
| 思辨的愉悦/盛宁著.-北京:东方出版社,2010.01 |
| 335页;21cm.-(互读文丛) |
| ISBN 978-7-5060-3641-2:CNY27.00 |
| 本书分名家名著解读、当代文论思考、文学散论、欧美文坛剪影四辑,收录了“关于伍尔夫的‘1910年12月’”、“全球化语境下的‘文化自觉’三议”、“纳博科夫如是说”、“贝克特之后的贝克特”、“哈代的三部新传记”等文章。 |
| ● |
| 相关链接 |
|
|
|
正题名:思辨的愉悦
索取号:I106/S474-2
 
预约/预借
| 序号 | 登录号 | 条形码 | 馆藏地/架位号 | 状态 | 备注 |
| 1 | 982521 | 209825215 | 文学库108/108文学库 1排6列5层/ [索取号:I106/S474-2] | 在馆 | |
| 2 | 982522 | 209825224 | 社科二线400B/400B社科库 21排1列6层/ [索取号:I106/S474-2] | 在馆 | |
| 3 | 982523 | 209825233 | 文学库108/108文学库 1排6列5层/ [索取号:I106/S474-2] | 在馆 |